banner koha

A influencia de graos verdes em ligas com cafes de bebida mole [Sabor] (Registro n. 261930)

MARC details
000 -LÍDER
campo de controle de tamanho fixo 01162nac a22003257a 4500
001 - NÚMERO DE CONTROLE
campo de controle BR6004809
003 - IDENTIFICADOR DO NÚMERO DE CONTROLE
campo de controle BR-BrBNA
005 - DATA E HORÁRIO DA ÚLTIMA TRANSAÇÃO
campo de controle 20240105113116.0
008 - CAMPO DE DADOS FIXOS--INFORMAÇÃO GERAL
campo de controle de tamanho fixo 230509b bl.|||m| |||| 00| 0 por d
040 ## - FONTE DA CATALOGAÇÃO
Instituição da catalogação original BR-BrBNA
Idioma da catalogação por
Instituição que transcreveu o registro Biblioteca Nacional de Agricultura
072 ## - CÓDIGO DE CATEGORIA DE ASSUNTO
Código de Categoria de Assunto S10
090 ## - NÚMERO DE CHAMADA LOCAL
Número de chamada 9910 BR6004809
100 1# - ENTRADA PRINCIPAL--NOME PESSOAL
Nome pessoal Teixeira, A.A.
100 1# - ENTRADA PRINCIPAL--NOME PESSOAL
Nome pessoal Gomes, F.P.
100 1# - ENTRADA PRINCIPAL--NOME PESSOAL
Nome pessoal Pereira, L.S.P.
100 1# - ENTRADA PRINCIPAL--NOME PESSOAL
Nome pessoal Moraes, R.S.
100 1# - ENTRADA PRINCIPAL--NOME PESSOAL
Nome pessoal Castilha, A. de
110 1# - ENTRADA PRINCIPAL--NOME CORPORATIVO
Nome corporativo ou nome da jurisdição Instituto Brasileiro do Cafe, Rio de Janeiro, GB. Depto. de Assistencia a Cafeicultura
9 (RLIN) 5870
111 1# - ENTRADA PRINCIPAL--NOME DO EVENTO
Nome do evento ou lugar 21. Reuniao da Sociedade Brasileira para o Progresso da Ciencia
Local do evento Porto Alegre, RS (Brazil)
Data do evento ou assinatura do tratado Jul 1969
245 1# - TÍTULO
Título A influencia de graos verdes em ligas com cafes de bebida mole [Sabor]
260 3# - PUBLICAÇÃO, DISTRIBUIÇÃO, ETC.
Local de publicação, distribuição, etc. Rio de Janeiro, GB (Brasil):
Data da publicação, distribuição, etc. Mar 1970.
300 ## - DESCRIÇÃO FÍSICA
Extensão 15 p.
490 ## - TÍTULO DA SÉRIE
Título da série Boletim Tecnico - Instituto Brasileiro do Cafe. Depto. de Assistencia a Cafeicultura (Brazil)
Número do volume ou designação sequencial da série no. 3
ISSN - International Standard Serial Number
500 ## - NOTA GERAL
Nota geral 10 ref.; Summary (En)
650 ## - ASSUNTO--TERMO TÓPICO
Cabeçalho tópico ou nome geográfico Composicao de alimento
650 ## - ASSUNTO--TERMO TÓPICO
Cabeçalho tópico ou nome geográfico Cafe
650 ## - ASSUNTO--TERMO TÓPICO
Cabeçalho tópico ou nome geográfico Sabor
909 ## -
-- 202312
-- Lúcia Elande
-- 55
-- Lúcia Elande
942 ## - ELEMENTOS DE ENTRADA ADICIONADOS (KOHA)
Fonte da classificação ou esquema de arquivamento na estante Classificação AGRIS
Ocultar no OPAC Não
Tipo de material Koha Monografia Seriada
Exemplares
Situação do descarte Fonte da classificação ou esquema de arquivamento na estante Situação física Não pode ser emprestado Coleção Biblioteca de origem Biblioteca atual Localização na estante Total de empréstimos Número de telefone completo Código de barras Data de último acesso Tipo de material Koha Fonte de aquisição
  Classificação AGRIS       Biblioteca Nacional de Agricultura - Binagri Biblioteca Nacional de Agricultura - Binagri Agrobase - Acervo Geral   9910 BR6004809 9910 BR6004809 18/12/2023 Monografia Seriada Portaria Interministerial nº 164/94

BINAGRI

Telefone: (61)3218-2567/2388/3357/2097 - binagri@agro.gov.br

Ministério da Agricultura e Pecuária , Esplanada dos Ministérios, Bloco D, Anexo B, Brasília/DF, CEP: 70.043-900